[Event "Open International Jeunes de Saint-Lô"]
[Site "?"]
[Date "2013.07.07"]
[Round "1.1"]
[White "Rouzes, Sibylle Anne"]
[Black "Macon, Arthur"]
[Result "0-1"]
[WhiteElo "1609"]
[BlackElo "2140"]
[PlyCount "102"]
[SourceDate "2013.07.07"]

1. e4 c6 2. d4 d5 3. Nc3 dxe4 4. Nxe4 Bf5 5. Ng3 Bg6 6. h4 h6 7. h5 Bh7 8. Nf3
Nd7 9. Bd3 Bxd3 10. Qxd3 e6 11. Bf4 Qa5+ 12. Bd2 Bb4 13. a3 Bxd2+ 14. Qxd2
Qxd2+ 15. Nxd2 Ngf6 16. O-O O-O 17. Nf3 Rfd8 18. Rfd1 Nb6 19. c3 Nbd5 20. Re1
Nf4 21. Re5 Rd5 22. Rae1 Nd3 23. Rxd5 Nxe1 24. Re5 Nxf3+ 25. gxf3 Rd8 26. f4
Ng4 27. Ra5 a6 28. f3 Ne3 29. Re5 Nc4 30. Re2 Rd5 31. a4 c5 32. dxc5 Rxc5 33.
b3 Nd6 34. c4 Kf8 35. Re5 Rc7 36. f5 Nxf5 37. Nxf5 exf5 38. Rxf5 Rd7 39. b4 Ke7
40. Kf2 Rd2+ 41. Ke3 Ra2 42. a5 Ra4 43. b5 Rxa5 44. Rc5 axb5 45. cxb5 Kd6 46.
Rf5 Ra3+ 47. Ke4 Ra4+ 48. Kd3 f6 49. Ke3 Rb4 50. Kd3 b6 51. Kc3 Rh4 0-1

[Event "Open International Jeunes de Saint-Lô"]
[Site "?"]
[Date "2013.07.07"]
[Round "1.2"]
[White "David, Alexandru"]
[Black "Lefebvre, Alexandre"]
[Result "1-0"]
[WhiteElo "2080"]
[BlackElo "1608"]
[PlyCount "52"]
[SourceDate "2013.07.07"]

1. d4 Nf6 2. c4 c5 3. d5 e6 4. Nc3 exd5 5. cxd5 d6 6. e4 g6 7. f3 Bg7 8. Be3
O-O 9. Qd2 a6 10. a4 Nbd7 11. Nh3 Ne5 12. Nf2 Rb8 13. Be2 Qa5 14. O-O Qb4 15.
Qc2 Nc4 16. Bxc4 Qxc4 17. a5 b5 18. b3 Qb4 19. Nd3 Qxc3 20. Qxc3 Nxd5 21. Qxg7+
Kxg7 22. exd5 Bf5 23. Nf2 Bc2 24. Bf4 Rfd8 25. Ne4 Bxb3 26. Bxd6 Rbc8 1-0

[Event "Open International Jeunes de Saint-Lô "]
[Site "?"]
[Date "2013.07.07"]
[Round "1.3"]
[White "Marsault, Tanguy"]
[Black "Grigorian, Roudolph"]
[Result "0-1"]
[WhiteElo "1600"]
[BlackElo "2062"]
[PlyCount "50"]
[SourceDate "2013.07.07"]

1. e4 e5 2. Nf3 Nc6 3. Bc4 Nf6 4. Ng5 d5 5. exd5 Nd4 6. d6 Qxd6 7. Nxf7 Qc6 8.
O-O Qxc4 9. c3 Ne2+ 10. Kh1 Kxf7 11. d3 Qd5 12. Qxe2 Bf5 13. Rd1 Rd8 14. d4 Re8
15. Re1 exd4 16. Qxe8+ Nxe8 17. Bf4 Bd6 18. Bxd6 Nxd6 19. Rd1 d3 20. Nd2 Ne4
21. Kg1 Re8 22. Rac1 Nxd2 23. Rxd2 Re2 24. Rdd1 d2 25. Ra1 Bc2 0-1

[Event "Open International Jeunes de Saint-Lô"]
[Site "?"]
[Date "2013.07.07"]
[Round "1.4"]
[White "Monpeurt, Cyrielle"]
[Black "Le Bihan, Baptiste"]
[Result "1-0"]
[WhiteElo "2043"]
[BlackElo "1596"]
[PlyCount "53"]
[SourceDate "2013.07.07"]

1. e4 e6 2. d4 d5 3. Nc3 Bb4 4. Nge2 c5 5. exd5 cxd4 6. Qxd4 Bxc3+ 7. Nxc3 Nf6
8. Bg5 exd5 9. Bxf6 gxf6 10. Qxd5 Qe7+ 11. Be2 Be6 12. Qb5+ Nc6 13. O-O-O O-O
14. Qh5 Ne5 15. f4 Ng6 16. f5 Bxa2 17. Nxa2 Qe3+ 18. Kb1 Nf4 19. Qf3 Qxe2 20.
Qxf4 Rac8 21. Rd2 Qb5 22. Rhd1 Rfe8 23. g4 Rc4 24. Rd4 Rec8 25. Rxc4 Rxc4 26.
Qb8+ Kg7 27. Rd8 1-0

[Event "Open International Jeunes de Saint-Lô"]
[Site "?"]
[Date "2013.07.07"]
[Round "1.5"]
[White "Viel, Simon"]
[Black "Fruchard, Cyrille"]
[Result "0-1"]
[WhiteElo "1596"]
[BlackElo "1958"]
[PlyCount "122"]
[SourceDate "2013.07.07"]

1. e4 e6 2. d4 d5 3. e5 c5 4. Qg4 Nc6 5. Nf3 cxd4 6. Bd3 Qc7 7. Bf4 Nge7 8. O-O
Ng6 9. Re1 Bd7 10. a3 Be7 11. Qg3 Nxf4 12. Qxf4 f6 13. Qg3 fxe5 14. Bxh7 O-O-O
15. Qxg7 Bd6 16. Ng5 e4 17. g3 Be5 18. Qg6 Rdf8 19. Nxe6 Bxe6 20. Qxe6+ Qd7 21.
Qxd7+ Kxd7 22. Bg6 Rf6 23. Bxe4 dxe4 24. Rxe4 d3 25. cxd3 Bd4 26. Nc3 Bxf2+ 27.
Kg2 Bd4 28. Re2 Rhf8 29. Ne4 Rf3 30. Rd1 Ne7 31. Rdd2 Nd5 32. Ng5 Ne3+ 33. Rxe3
Rxe3 34. h4 Be5 35. Ne4 Bxg3 36. Nc5+ Ke7 37. Nxb7 Bxh4 38. Na5 Rg8+ 39. Kh1
Bf6 40. d4 Rh3+ 41. Rh2 Rxh2+ 42. Kxh2 Kd7 43. Nb3 Kd6 44. Kh3 Kd5 45. Kh2 Bxd4
46. Nd2 Bxb2 47. a4 Rg4 48. a5 Bc3 49. Kh3 Rg8 50. Nb3 Kc4 51. Nc1 Bxa5 52. Ne2
Bc3 53. Ng3 a5 54. Kg2 Be5 55. Kf3 Rxg3+ 56. Ke2 a4 57. Kd2 a3 58. Kc2 a2 59.
Kd2 a1=Q 60. Ke2 Bc3 61. Kf2 Qe1# 0-1

[Event "Open International Jeunes de Saint-Lô"]
[Site "?"]
[Date "2013.07.07"]
[Round "1.7"]
[White "Lenoel, Marine"]
[Black "Hamidi, Navid"]
[Result "1-0"]
[WhiteElo "1951"]
[BlackElo "1595"]
[PlyCount "93"]
[SourceDate "2013.07.07"]

1. e4 e6 2. d4 d5 3. exd5 exd5 4. Bd3 Bd6 5. c3 Ne7 6. Qc2 c6 7. Be3 Qc7 8. Nd2
Bg4 9. c4 Bxh2 10. Ngf3 Bf4 11. O-O-O Bxe3 12. fxe3 Nd7 13. Rdf1 Nf6 14. Ne5
Be6 15. Bxh7 O-O-O 16. Bd3 dxc4 17. Bxc4 Bxc4 18. Ndxc4 Ned5 19. Qe2 Kb8 20. g4
Rxh1 21. Rxh1 Ne4 22. Qf3 Ng5 23. Qe2 f6 24. Nf3 Ne4 25. Qc2 Re8 26. Qxe4 Rxe4
27. Rh8+ Qc8 28. Rxc8+ Kxc8 29. Nd6+ Kd7 30. Nxe4 Nxe3 31. g5 Ke7 32. Kd2 Nd5
33. a3 b6 34. Nc3 Nc7 35. Ke3 Ke6 36. Kf4 Ne8 37. g6 Nd6 38. Ne4 Nc4 39. b3
Nxa3 40. Nh4 Ke7 41. Nf5+ Kf8 42. Neg3 a5 43. Nh5 b5 44. Nhxg7 Nc2 45. Ne6+ Ke8
46. g7 Kf7 47. Nh6+ 1-0

[Event "Open International Jeunes de Saint-Lô"]
[Site "?"]
[Date "2013.07.07"]
[Round "1.7"]
[White "Turcuman, Dragos Mihaï"]
[Black "Pigeat, Alexandre"]
[Result "0-1"]
[WhiteElo "1595"]
[BlackElo "1942"]
[PlyCount "52"]
[SourceDate "2013.07.07"]

1. e4 c5 2. Nc3 e6 3. g3 a6 4. a4 Nc6 5. Bg2 d6 6. Nge2 g6 7. O-O Bg7 8. d3
Nge7 9. Kh1 O-O 10. f4 b6 11. Bd2 d5 12. Qc1 Bb7 13. g4 Nd4 14. Nxd4 cxd4 15.
Ne2 dxe4 16. Ng3 f5 17. gxf5 exf5 18. dxe4 h5 19. e5 Bxg2+ 20. Kxg2 Qd5+ 21.
Kh3 h4 22. Nh1 Rac8 23. Ra3 g5 24. fxg5 Ng6 25. Raf3 Nxe5 26. Rxf5 Qe6 0-1

[Event "Open International Jeunes de Saint-Lô"]
[Site "?"]
[Date "2013.07.07"]
[Round "1.8"]
[White "Fayad, Erwan"]
[Black "Ceripa, Adrien"]
[Result "1-0"]
[WhiteElo "1938"]
[BlackElo "1587"]
[PlyCount "47"]
[SourceDate "2013.07.07"]

1. e4 e6 2. d4 d5 3. exd5 exd5 4. c4 c6 5. a3 Nf6 6. Bg5 Be7 7. Nf3 Bg4 8. Be2
O-O 9. O-O dxc4 10. Nc3 Qb6 11. Bxc4 Bxf3 12. Qxf3 Qxd4 13. b3 Nbd7 14. Rad1
Qe5 15. h4 Qa5 16. Rxd7 Nxd7 17. Bxe7 Ne5 18. Qg3 Rfe8 19. b4 Qxa3 20. Bf6 Ng6
21. h5 gxf6 22. hxg6 hxg6 23. Qxg6+ Kh8 24. Qxf6+ 1-0

[Event "Open International Jeunes de Saint-Lô"]
[Site "?"]
[Date "2013.07.07"]
[Round "1.9"]
[White "Roos, Daniel"]
[Black "Marimoutou, Loïc"]
[Result "1/2-1/2"]
[WhiteElo "1574"]
[BlackElo "1936"]
[PlyCount "76"]
[SourceDate "2013.07.07"]

1. e4 e5 2. Nf3 Nc6 3. d4 exd4 4. Nxd4 Nf6 5. Nc3 Bb4 6. Nxc6 bxc6 7. Bd3 O-O
8. O-O Re8 9. Bg5 h6 10. Bh4 Be7 11. Bg3 d5 12. exd5 Nxd5 13. Ne2 Bf6 14. c3
Bg4 15. Qc2 Qe7 16. Rfe1 Qc5 17. Nf4 Bg5 18. Nxd5 cxd5 19. Rxe8+ Rxe8 20. Qa4
Qe7 21. Qxg4 c5 22. Bf4 Bf6 23. Bxh6 c4 24. Bf1 Rb8 25. Bc1 Qe1 26. Qe2 Re8 27.
Qxe1 Rxe1 28. f3 Bg5 29. Bxg5 Rxa1 30. a3 Rb1 31. Be3 Rxb2 32. Bxa7 Rb3 33. Bd4
Rxa3 34. Kf2 f6 35. Be2 Ra2 36. Ke3 Kf7 37. f4 Ke6 38. Bc5 Rc2 1/2-1/2

[Event "Open International Jeunes de Saint-Lô"]
[Site "?"]
[Date "2013.07.07"]
[Round "1.10"]
[White "Mueller, David"]
[Black "Glotin, Adrien"]
[Result "1/2-1/2"]
[WhiteElo "1932"]
[BlackElo "1571"]
[PlyCount "80"]
[SourceDate "2013.07.07"]

1. e4 e6 2. d4 d5 3. Nc3 Nf6 4. Bg5 Bb4 5. exd5 exd5 6. Bd3 O-O 7. a3 Be7 8.
Nce2 a6 9. Nf3 Bg4 10. Ne5 Bh5 11. c3 Nbd7 12. f4 Nxe5 13. fxe5 Ng4 14. Bxe7
Qxe7 15. Nf4 Qg5 16. Nxh5 Qxh5 17. Qf3 Qg5 18. h3 Ne3 19. Kf2 Nc4 20. Bxc4 dxc4
21. Rad1 Rae8 22. Rhe1 c6 23. Kg1 Re6 24. Re4 Qd8 25. Qe2 Qb6 26. Rf1 Qb5 27.
Ref4 Qd5 28. Qh5 Rg6 29. Qf3 Qe6 30. h4 Qd7 31. h5 Re6 32. Qg4 h6 33. Rf6 Qe7
34. Rxe6 Qxe6 35. Qxe6 fxe6 36. Rxf8+ Kxf8 37. Kf2 Ke7 38. Ke3 Kd7 39. Kd2 Kc7
40. Kc2 b5 1/2-1/2

[Event "Open International Jeunes de Saint-Lô"]
[Site "?"]
[Date "2013.07.07"]
[Round "1.11"]
[White "Tessier, Victor"]
[Black "Cogan, Nicolas"]
[Result "0-1"]
[WhiteElo "1571"]
[BlackElo "1922"]
[PlyCount "74"]
[SourceDate "2013.07.07"]

1. d4 Nf6 2. c4 e6 3. Nf3 Bb4+ 4. Bd2 Qe7 5. a3 Bxd2+ 6. Nbxd2 d6 7. e3 O-O 8.
Bd3 e5 9. Qc2 Bg4 10. Be4 c6 11. Qb1 Nbd7 12. O-O Nxe4 13. Qxe4 f5 14. Qc2 e4
15. Ne1 Be2 16. Nxe4 Bxf1 17. Ng3 Bxc4 18. Qxc4+ d5 19. Qc2 f4 20. Nf1 Qe4 21.
Qc3 Rf6 22. Nf3 fxe3 23. fxe3 Re8 24. Re1 Qg6 25. Qb3 Rxf3 26. Qxb7 Rf7 27. Qb3
Qf5 28. Qd1 Qf2+ 29. Kh1 Qxb2 30. Qc1 Ref8 31. Ng3 Qxc1 32. Rxc1 c5 33. Kg1
cxd4 34. exd4 Rb8 35. Re1 Rb2 36. Nf1 Rff2 37. Ne3 Rfe2 0-1

[Event "Open International Jeunes de Saint-Lô"]
[Site "?"]
[Date "2013.07.07"]
[Round "1.12"]
[White "Le Bris, Yann"]
[Black "Cortes, Remy"]
[Result "1-0"]
[WhiteElo "1910"]
[BlackElo "1559"]
[PlyCount "52"]
[SourceDate "2013.07.07"]

1. e4 e6 2. d4 d5 3. e5 c5 4. c3 Nc6 5. Nf3 Qb6 6. Be2 Bd7 7. O-O cxd4 8. cxd4
Nge7 9. Nc3 Nf5 10. Na4 Qc7 11. a3 a5 12. Bf4 b6 13. Nc3 Na7 14. Qd2 Be7 15.
Nxd5 Qd8 16. Nxe7 Qxe7 17. g4 Nh6 18. Bxh6 gxh6 19. Qxh6 Bb5 20. Bxb5+ Nxb5 21.
Rac1 Kd7 22. d5 Rac8 23. dxe6+ Qxe6 24. Rfd1+ Ke7 25. Qh4+ f6 26. exf6+ Kf7 1-0

[Event "Open International Jeunes de Saint-Lô"]
[Site "?"]
[Date "2013.07.07"]
[Round "1.12"]
[White "Cheikh-Boukal, Ziyad"]
[Black "Banzea, Alexandru"]
[Result "0-1"]
[WhiteElo "1557"]
[BlackElo "1849"]
[PlyCount "106"]
[SourceDate "2013.07.07"]

1. d4 Nf6 2. f3 c5 3. c3 d5 4. Bf4 Nc6 5. e3 Bf5 6. Bb5 e6 7. Bxc6+ bxc6 8. Ne2
Bd6 9. Bxd6 Qxd6 10. Nd2 O-O 11. Nb3 c4 12. Nc5 Bg6 13. O-O Nd7 14. Nxd7 Qxd7
15. Nf4 c5 16. Nxg6 hxg6 17. b3 cxd4 18. Qxd4 cxb3 19. axb3 Qb5 20. b4 Rfc8 21.
Rfc1 Rc4 22. Qd2 Qc6 23. Ra3 g5 24. Rca1 Rc8 25. Ra6 Qc7 26. Rxa7 Qe5 27. Ra8
Qxc3 28. Rxc8+ Rxc8 29. Qd4 Qxd4 30. exd4 Rc4 31. Rb1 Rxd4 32. b5 Rc4 33. Kf2
Kf8 34. Ke3 Ke7 35. Kd3 Kd6 36. Rb2 Kc7 37. Rc2 Rxc2 38. Kxc2 Kb6 39. Kc3 Kxb5
40. Kd4 Kc6 41. g3 Kd6 42. h3 e5+ 43. Kd3 f5 44. g4 f4 45. Kc3 e4 46. fxe4 dxe4
47. Kd4 f3 48. Ke3 Ke5 49. Kf2 Kf4 50. Kf1 Kg3 51. Kg1 e3 52. Kh1 f2 53. h4
f1=Q# 0-1

[Event "Open International Jeunes de Saint-Lô"]
[Site "?"]
[Date "2013.07.07"]
[Round "1.14"]
[White "Nolot, Clémentine"]
[Black "Morin, Lucas"]
[Result "1-0"]
[WhiteElo "1853"]
[BlackElo "1544"]
[PlyCount "65"]
[SourceDate "2013.07.07"]

1. e4 g6 2. d4 c6 3. Nc3 Bg7 4. f4 Nh6 5. Nf3 f6 6. Bc4 d6 7. O-O Nf7 8. f5 Nh6
9. Bxh6 Bxh6 10. fxg6 hxg6 11. Qe1 Bg4 12. h3 Bxf3 13. Rxf3 Qb6 14. Rd1 Nd7 15.
Na4 Qc7 16. Be6 O-O-O 17. Ra3 Kb8 18. c4 Nf8 19. Bg4 e5 20. dxe5 dxe5 21. Rad3
Nh7 22. Rd7 Qc8 23. Rxd8 Qxd8 24. Rxd8+ Rxd8 25. Qb4 f5 26. exf5 gxf5 27. Qe7
Bg5 28. Qxe5+ Ka8 29. Qxf5 Re8 30. Qxh7 Re1+ 31. Kf2 Re7 32. Qg8+ Re8 33. Qxe8+
1-0

[Event "Open International Jeunes de Saint-Lô"]
[Site "?"]
[Date "2013.07.07"]
[Round "1.14"]
[White "Niepceron, Hugo"]
[Black "Auvray, Honorine"]
[Result "0-1"]
[WhiteElo "1544"]
[BlackElo "1835"]
[PlyCount "104"]
[SourceDate "2013.07.07"]

1. e4 c5 2. Nf3 Nc6 3. d4 cxd4 4. Nxd4 Nf6 5. Nc3 d6 6. Be2 e5 7. Nf3 Be7 8.
O-O O-O 9. Re1 Be6 10. Ng5 d5 11. exd5 Nxd5 12. Nxe6 fxe6 13. Bc4 Bc5 14. Ne4
Qb6 15. Rf1 Nce7 16. Bg5 Rad8 17. Nxc5 Qxc5 18. Bb3 h6 19. Bxe7 Qxe7 20. Qe2
Rf5 21. Qe4 Qg5 22. g3 Rf4 23. h4 Rxe4 24. hxg5 hxg5 25. Rfe1 Rxe1+ 26. Rxe1
Kf7 27. Rxe5 Kf6 28. Re4 Nc7 29. a4 b6 30. Kg2 Rd6 31. Re3 Na6 32. Rf3+ Ke7 33.
Rd3 Nc5 34. Rxd6 Kxd6 35. Bc4 Nxa4 36. b3 Nc5 37. Kf3 Nd7 38. Ke4 Nf6+ 39. Ke3
e5 40. f3 Kc5 41. g4 b5 42. Bd3 a5 43. c3 e4 44. fxe4 Nxg4+ 45. Kd2 Ne5 46. Bc2
g4 47. Ke2 Kd6 48. Kf2 Nd7 49. Kg3 Nf6 50. Kf4 Ke6 51. e5 Nd5+ 52. Kxg4 Ne3+
0-1

[Event "Open International Jeunes de Saint-Lô"]
[Site "?"]
[Date "2013.07.08"]
[Round "2.1"]
[White "Macon, Arthur"]
[Black "Marie, Florian"]
[Result "1-0"]
[WhiteElo "2140"]
[BlackElo "2154"]
[PlyCount "75"]
[EventDate "2013.07.09"]
[SourceDate "2013.07.07"]

1. d4 Nf6 2. Nf3 g6 3. Bg5 Bg7 4. Nbd2 d6 5. c3 O-O 6. e4 Ne8 7. Be2 h6 8. Bh4
Kh7 9. O-O f5 10. exf5 Bxf5 11. Nc4 Bf6 12. Bxf6 exf6 13. Re1 d5 14. Ne3 Be6
15. Bd3 Nd6 16. Qc2 f5 17. Nf1 Qf6 18. Ne5 Nd7 19. Qb3 Nb6 20. Re2 Ndc4 21.
Rae1 Rfe8 22. Ng3 Nxe5 23. Rxe5 Bd7 24. Qa3 Rxe5 25. Rxe5 Be6 26. h4 Nd7 27.
Re1 a6 28. h5 Nf8 29. Qb3 f4 30. hxg6+ Nxg6 31. Nh5 Qf7 32. Bxg6+ Qxg6 33. Nxf4
Qf5 34. Nxe6 Re8 35. Re5 Qb1+ 36. Kh2 Qc1 37. Qxd5 Rxe6 38. Qxe6 1-0

[Event "Open International Jeunes de Saint-Lô"]
[Site "?"]
[Date "2013.07.08"]
[Round "2.2"]
[White "Aghamir Alrobiai, Nizar"]
[Black "David, Alexandru Vasile"]
[Result "1/2-1/2"]
[WhiteElo "1773"]
[BlackElo "2080"]
[PlyCount "115"]
[EventDate "2013.07.09"]
[SourceDate "2013.07.07"]

1. e4 c6 2. d4 d5 3. e5 Bf5 4. Be3 e6 5. Nf3 Nd7 6. Nbd2 Bg6 7. c3 Nh6 8. Bxh6
gxh6 9. b4 Bg7 10. Nb3 f6 11. exf6 Qxf6 12. Be2 O-O 13. O-O Rae8 14. Nc5 Nxc5
15. bxc5 Qe7 16. c4 Be4 17. Qd2 Rf7 18. cxd5 exd5 19. Rae1 Qd7 20. h3 Re6 21.
Nh2 Bf5 22. Bg4 Qe7 23. Rxe6 Qxe6 24. Re1 Qg6 25. Re8+ Bf8 26. Qe2 Bd7 27. Bxd7
Rxd7 28. Nf3 Rg7 29. g3 Qf5 30. Qe6+ Qxe6 31. Rxe6 Kf7 32. Re2 Be7 33. Rb2 Ke6
34. Rxb7 Bf6 35. Rxg7 Bxg7 36. g4 h5 37. Kf1 Bf6 38. Ke2 hxg4 39. hxg4 Bg7 40.
Kd3 Bf6 41. Nd2 Bg5 42. Nf3 Bf6 43. Ng1 h5 44. gxh5 Kf5 45. Ne2 Bg5 46. Ng3+
Kf4 47. Nf1 Kg4 48. Nd2 Kxh5 49. Nb3 Bd8 50. Na1 Kg4 51. Nc2 Ba5 52. Ke3 Kf5
53. a3 a6 54. Nb4 Bxb4 55. axb4 Kg5 56. f3 Kf5 57. Ke2 Kg5 58. Kf2 1/2-1/2

[Event "Open International Jeunes de Saint-Lô"]
[Site "?"]
[Date "2013.07.08"]
[Round "2.3"]
[White "Grigorian, Roudolph"]
[Black "Seignat, Florian"]
[Result "1-0"]
[WhiteElo "2062"]
[BlackElo "1740"]
[PlyCount "127"]
[EventDate "2013.07.09"]
[SourceDate "2013.07.07"]

1. e4 e6 2. d4 d5 3. Nd2 dxe4 4. Nxe4 Bd7 5. Ne2 Bc6 6. N2g3 Nd7 7. c3 Ngf6 8.
f3 Nxe4 9. fxe4 Qh4 10. e5 O-O-O 11. Qh5 Qxh5 12. Nxh5 f6 13. exf6 gxf6 14. Kf2
e5 15. Be3 f5 16. Bg5 Re8 17. Nf6 Re6 18. Nxd7 Bxd7 19. d5 Bc5+ 20. Be3 Bxe3+
21. Kxe3 Rd6 22. c4 c6 23. Rd1 cxd5 24. cxd5 Bc6 25. Bc4 Rhd8 26. Rhf1 Bd7 27.
Bb3 b6 28. Bc2 Rf8 29. Rd2 Kd8 30. g4 f4+ 31. Ke4 Bxg4 32. Kxe5 Rdf6 33. Rd4
Rh6 34. Rdxf4 Rxf4 35. Rxf4 Rxh2 36. Rxg4 Rxc2 37. Rg8+ Kc7 38. Rg7+ Kc8 39.
Rxh7 Rxb2 40. Rxa7 Kb8 41. Rh7 Rxa2 42. Kd6 Rc2 43. Rh8+ Rc8 44. Rh7 Rc2 45.
Re7 Rc3 46. Re4 Kb7 47. Kd7 Rc7+ 48. Ke6 Rc8 49. Rf4 Re8+ 50. Kd7 Rh8 51. Rf7
b5 52. Ke6+ Kc8 53. Kd6 Rd8+ 54. Kc6 b4 55. Ra7 Kb8 56. Rb7+ Kc8 57. Rxb4 Rh8
58. Ra4 Rh6+ 59. d6 Kb8 60. Re4 Rh8 61. Rb4+ Ka8 62. d7 Ka7 63. Kc7 Rh7 64.
Ra4# 1-0

[Event "Open International Jeunes de Saint-Lô"]
[Site "?"]
[Date "2013.07.08"]
[Round "2.4"]
[White "Dodart, Guillaume"]
[Black "Monpeurt, Cyrielle"]
[Result "0-1"]
[WhiteElo "1737"]
[BlackElo "2043"]
[PlyCount "98"]
[EventDate "2013.07.09"]
[SourceDate "2013.07.07"]

1. e4 e5 2. Nf3 Nc6 3. d4 exd4 4. Bc4 Bc5 5. c3 Nf6 6. cxd4 Bb4+ 7. Nc3 Nxe4 8.
O-O Bxc3 9. d5 Bf6 10. Re1 Ne7 11. Rxe4 d6 12. Bg5 Bxg5 13. Nxg5 h6 14. Qe2
hxg5 15. Re1 Be6 16. dxe6 f6 17. Bb3 c6 18. Rd4 Qc7 19. Red1 O-O-O 20. Qd2 d5
21. h3 Kb8 22. Rd3 g4 23. Qc3 Rh6 24. Rg3 gxh3 25. Rxh3 Rdh8 26. Rdd3 Qe5 27.
Qxe5+ fxe5 28. Rdf3 Rxh3 29. gxh3 Kc7 30. Bd1 Kd6 31. Rf7 Rxh3 32. Rf8 Rh4 33.
Rb8 b5 34. Ra8 Kxe6 35. Rxa7 Rd4 36. Bf3 Kf6 37. Kf1 Rd2 38. b3 Rb2 39. Ra6 e4
40. Be2 Ke5 41. Ra7 Nf5 42. Bg4 e3 43. Bxf5 Rxf2+ 44. Ke1 Kxf5 45. Rf7+ Ke4 46.
Rxf2 exf2+ 47. Kxf2 Kd3 48. Kf3 Kc3 49. Ke3 Kb4 0-1

[Event "Open International Jeunes de Saint-Lô"]
[Site "?"]
[Date "2013.07.08"]
[Round "2.7"]
[White "Pigeat, Alexandre"]
[Black "Tapie, Jean"]
[Result "1-0"]
[WhiteElo "1942"]
[BlackElo "1644"]
[PlyCount "89"]
[EventDate "2013.07.09"]
[SourceDate "2013.07.07"]

1. e4 c5 2. Nf3 d6 3. d4 cxd4 4. Nxd4 Nf6 5. Nc3 a6 6. f3 e6 7. Be3 Nbd7 8. Be2
Be7 9. O-O O-O 10. Qd2 Ne5 11. Rad1 Qc7 12. Nb3 b5 13. Qe1 Nc4 14. Bxc4 bxc4
15. Nd2 d5 16. Qf2 Rb8 17. exd5 Nxd5 18. Nxd5 exd5 19. Bd4 Be6 20. Kh1 Qf4 21.
Rfe1 Bf6 22. Nf1 Bxd4 23. Rxd4 Qf6 24. c3 Rb5 25. Ng3 Rfb8 26. Rd2 g6 27. Nf1
R8b7 28. Ne3 Kf8 29. g3 Kg8 30. Red1 Kg7 31. h4 h5 32. Ng2 Rd7 33. Nf4 Kh7 34.
Kg2 Kg7 35. Re1 Re7 36. Kh2 Kh7 37. Qe3 Rbb7 38. Qc5 Kg7 39. Rde2 Rbd7 40. Qb6
Kh6 41. Re5 Rb7 42. Qd4 Rxb2+ 43. Kg1 Kg7 44. Nxh5+ gxh5 45. Rg5+ 1-0

[Event "Open International Jeunes de Saint-Lô"]
[Site "?"]
[Date "2013.07.08"]
[Round "2.8"]
[White "Travadon, Loïc"]
[Black "Fayad, Erwan"]
[Result "0-1"]
[WhiteElo "1642"]
[BlackElo "1938"]
[PlyCount "90"]
[EventDate "2013.07.09"]
[SourceDate "2013.07.07"]

1. d4 f5 2. Nf3 Nf6 3. c4 e6 4. Nc3 Be7 5. Bg5 O-O 6. e3 b6 7. Bd3 Bb7 8. Qc2
d6 9. d5 Na6 10. dxe6 Nb4 11. Qb1 Nxd3+ 12. Qxd3 Ne4 13. Bxe7 Qxe7 14. Nd5 Qxe6
15. Nxc7 Qg6 16. O-O Nc5 17. Qe2 Rac8 18. Nd5 Rce8 19. Nf4 Qh6 20. Nd4 g5 21.
Nd5 f4 22. b4 Nd7 23. e4 Nf6 24. Nxf6+ Qxf6 25. Nb5 Rxe4 26. Qd3 f3 27. Qxf3
Qxf3 28. gxf3 Rxf3 29. Rfe1 Rg4+ 30. Kf1 Be4 31. Re3 Bd3+ 32. Ke1 Rxe3+ 33.
fxe3 Rg1+ 34. Kd2 Rxa1 35. Kxd3 Rxa2 36. Nxd6 Rxh2 37. c5 Rh6 38. Ke4 bxc5 39.
bxc5 Kf8 40. Ke5 Rg6 41. c6 Rg7 42. Nf5 Rf7 43. Kd6 Ke8 44. c7 Rf6+ 45. Ke5 Rc6
0-1

[Event "Open International Jeunes de Saint-Lô"]
[Site "?"]
[Date "2013.07.08"]
[Round "2.9"]
[White "Cogan, Nicolas"]
[Black "Gac, Benjamin"]
[Result "1-0"]
[WhiteElo "1922"]
[BlackElo "1628"]
[PlyCount "57"]
[EventDate "2013.07.09"]
[SourceDate "2013.07.07"]

1. d4 d5 2. c4 e6 3. cxd5 exd5 4. Nc3 c6 5. Bf4 Nf6 6. Nf3 Bf5 7. e3 Qa5 8. Qb3
b5 9. Be2 b4 10. Na4 Bc2 11. Qxc2 b3+ 12. Qd2 Qxa4 13. O-O bxa2 14. Bd1 Qa6 15.
Bb3 Ne4 16. Qc2 Be7 17. Rxa2 Qb7 18. Ba4 Kf8 19. Bxb8 Rxb8 20. Bxc6 Qc7 21. Ne5
Rc8 22. Qa4 Bd6 23. Bxd5 Ng5 24. Qxa7 Qd8 25. Qb7 Bxe5 26. dxe5 g6 27. h4 Ne6
28. Bxe6 fxe6 29. Ra7 1-0

[Event "Open International Jeunes de Saint-Lô"]
[Site "?"]
[Date "2013.07.08"]
[Round "2.10"]
[White "Chauvet, Etienne"]
[Black "Le Bris, Yann"]
[Result "0-1"]
[WhiteElo "1620"]
[BlackElo "1910"]
[PlyCount "30"]
[SourceDate "2013.07.07"]

1. e4 e5 2. Nc3 Nc6 3. g3 Bc5 4. Bg2 Nf6 5. Nge2 a6 6. O-O d6 7. h3 b5 8. Kh2
h5 9. d3 h4 10. g4 Bxg4 11. hxg4 Nxg4+ 12. Kg1 h3 13. Bf3 Qh4 14. Bxg4 Qxg4+
15. Ng3 Qxg3+ 0-1

[Event "Open International Jeunes de Saint-Lô"]
[Site "?"]
[Date "2013.07.08"]
[Round "2.11"]
[White "Banzea, Alexandru Bogdan"]
[Black "Gennesseaux, Blaise"]
[Result "1-0"]
[WhiteElo "1856"]
[BlackElo "1617"]
[PlyCount "105"]
[SourceDate "2013.07.07"]

1. e4 d5 2. exd5 Qxd5 3. Nc3 Qa5 4. d4 Nf6 5. Nf3 Bf5 6. Ne5 Nbd7 7. Nc4 Qa6 8.
Nb5 O-O-O 9. Ne3 Qe6 10. Bc4 Qe4 11. Bd3 Bg4 12. f3 Bxf3 13. Qxf3 Qxf3 14. gxf3
a6 15. Nc3 e5 16. dxe5 Nxe5 17. Be2 Bc5 18. Ne4 Nxe4 19. fxe4 Rd4 20. Nf5 Rxe4
21. Ng3 Rb4 22. Bd2 Rb6 23. O-O-O g6 24. Ne4 Be7 25. Bc3 Re6 26. Rhe1 Re8 27.
Kb1 f5 28. Nd2 Bd6 29. Nc4 Nxc4 30. Bxc4 Rxe1 31. Rxe1 Rxe1+ 32. Bxe1 Bxh2 33.
Bg8 f4 34. Bxh7 g5 35. Kc1 Bg1 36. Kd1 Kd7 37. Ke2 Bd4 38. c3 Bf6 39. Kf3 Kd6
40. Ke4 b6 41. Kf5 Bd8 42. Bg8 c5 43. c4 Be7 44. Bc3 Bd8 45. Bd5 b5 46. b3 Be7
47. Bf3 b4 48. Bf6 Bxf6 49. Kxf6 a5 50. Kf5 Ke7 51. Kxg5 Ke6 52. Kxf4 Kf6 53.
Bg4 1-0

[Event "Open International Jeunes de Saint-Lô"]
[Site "?"]
[Date "2013.07.08"]
[Round "2.12"]
[White "Cras, Gildas"]
[Black "Nolot, Clémentine"]
[Result "0-1"]
[WhiteElo "1532"]
[BlackElo "1853"]
[PlyCount "88"]
[SourceDate "2013.07.07"]

1. e4 e5 2. Nf3 Nc6 3. Bc4 Bc5 4. Nc3 Nf6 5. d3 h6 6. Be3 Bb6 7. h3 d6 8. d4
O-O 9. O-O exd4 10. Nxd4 Ne5 11. Bd3 Nh7 12. Na4 Qh4 13. Nxb6 axb6 14. Nf3 Qh5
15. Nxe5 Qxe5 16. b3 Bd7 17. Qe2 Ra3 18. Bc1 Qxa1 19. Bxa3 Qxa2 20. Bb4 Qb2 21.
Qd2 Qf6 22. Bc3 Qh4 23. Qe3 Re8 24. Re1 Ng5 25. f4 Ne6 26. Rf1 Nc5 27. f5 Nxe4
28. Rf4 Qg3 29. Rf3 Qg5 30. Bxe4 Qxe3+ 31. Rxe3 Bxf5 32. Bxf5 Rxe3 33. Bd3 d5
34. Kf2 Re7 35. Bb2 c5 36. c4 d4 37. Bc1 Re8 38. Bb2 Re3 39. Bc2 g6 40. Ba1 f5
41. g3 Kf7 42. h4 Kf6 43. b4 Ra3 44. Bb2 Ra2 0-1

[Event "Open International Jeunes de Saint-Lô"]
[Site "?"]
[Date "2013.07.08"]
[Round "2.13"]
[White "Auvray, Honorine"]
[Black "Niepceron, Aurélien"]
[Result "1/2-1/2"]
[WhiteElo "1835"]
[BlackElo "1527"]
[PlyCount "159"]
[SourceDate "2013.07.07"]

1. e4 c5 2. Nf3 d6 3. d4 cxd4 4. Nxd4 Nf6 5. Nc3 a6 6. f3 Nbd7 7. Be3 e6 8. Qd2
Be7 9. O-O-O O-O 10. g4 Qc7 11. h4 b5 12. Bd3 Nc5 13. h5 Rb8 14. Kb1 b4 15.
Nce2 a5 16. g5 Ne8 17. g6 a4 18. h6 fxg6 19. hxg7 Rf7 20. f4 b3 21. cxb3 axb3
22. a3 Nf6 23. Nc3 Bb7 24. Ndb5 Qc8 25. Bxc5 Qxc5 26. Rhe1 Ba6 27. Na4 Qc6 28.
Rc1 Qe8 29. Nbc3 Bxd3+ 30. Qxd3 Nh5 31. f5 gxf5 32. exf5 Nf4 33. Qf3 Rxf5 34.
Rxe6 Qf7 35. Ree1 Bg5 36. Rcd1 Qg6 37. Qe4 d5 38. Qh1 Nh3 39. Ka1 Nf2 40. Qh2
Rd8 41. Rd4 Qxg7 42. Nb5 Rdf8 43. Qg3 Ne4 44. Qxb3 Nd2 45. Qh3 Rf3 46. Qe6+ Kh8
47. Rxd5 Nb3+ 48. Kb1 Rf1 49. Rdd1 Nd2+ 50. Ka2 R1f6 51. Qe2 Qf7+ 52. Ka1 Nb3+
53. Kb1 Rf2 54. Qe6 Qf5+ 55. Qxf5 R8xf5 56. Nd4 Nxd4 57. Rxd4 Bf6 58. Rd7 Re5
59. Rc1 Re7 60. Rxe7 Bxe7 61. b4 Bf6 62. b5 Rf5 63. b6 Rb5+ 64. Kc2 h5 65. Rd1
h4 66. Rd6 Kg7 67. Nc3 Rc5 68. Rd3 Rxc3+ 69. Rxc3 Bxc3 70. Kxc3 h3 71. b7 h2
72. b8=Q h1=Q 73. Qg3+ Kf7 74. Qf2+ Kg7 75. a4 Qa1+ 76. Kb4 Qb1+ 77. Kc5 Qc1+
78. Kb5 Qb1+ 79. Ka6 Qd3+ 80. Kb6 1/2-1/2